00365nam a2200109Ia 4500008004100000082000800041100002300049245006500072942000600137952009700143999001500240240331s9999 xx 000 0 und d bABE aAbeysekera, Sunila 0aWomen's human rights :bquestions of equality and difference cL 001040708LaWERCLbWERCLcSSCd2024-03-31l0o 323.4 ABEp3994r2024-03-31w2024-03-31yL c2463d2463